000 00679nam a2200241Ia 4500
003 OSt
005 20220918175148.0
006 a|||||r|||| 00| 0
007 ta
008 220917b |||||||| |||| 00| 0 eng d
024 _a15,981
037 _cTextual
040 _aARTS
_cARTS
_beng
041 _2eng
_aeng
082 _aY1:44(S5), N1 (MPhil)
100 _aDollimore Jonathan
245 0 _aSexual dissidence
_b Augustine to Wilde, Freud to Foucault
260 _aOxford
_bClarendon Press
_c1991
300 _ax,388p.
_ccm.
650 _aSOCIOLOGY
942 _hY1:44(S5), N1 (MPhil)
_cTEXL
_2CC
999 _c156369
_d156369